| 000 | 01591nam0a22002651 4500 | ||
|---|---|---|---|
| 001 | rc\4393798 | ||
| 005 | 20250612071356.0 | ||
| 021 |
_aRU _b[68-107080] |
||
| 035 | _a(NLR Aleph) 008554838 | ||
| 090 |
_a8429098 _c8429098 |
||
| 100 | _a20130416d1968 |||y0rusy50 ca | ||
| 101 | 0 | _arus | |
| 102 | _aRU | ||
| 105 | _ay z ||||| | ||
| 200 | 1 |
_aТезисы и аннотации _fМ-во высш. и сред. спец. образования СССР. Моск. ордена Трудового Красного Знамени инж.-строит. ин-т им. В.В. Куйбышева АН СССР. Ин-т водных проблем. М-во энергетики и электрификации СССР. Всесоюз. науч.-исслед. ин-т им. Б.Е. Веденеева. Техн. ком. по многофазным жидкостям Советского нац. ком. МАГИ. Вторая межвузовская конференция "Движение наносов и гидравл. транспорт" 25-28 ноября 1968 г. |
|
| 210 |
_aМосква _cБ. и. _d1968 |
||
| 215 |
_a160 с. _d20 |
||
| 606 |
_aГидротранспорт _jТезисы докладов _2psbo |
||
| 606 |
_aНаносы _xДинамика _jТезисы докладов _2psbo |
||
| 710 | 1 | 2 | _a"Движение наносов и гидравлический транспорт", межвузовская конференция (2; 1968; Москва) |
| 801 | 0 |
_aRU _bNLR _gpsbo |
|
| 801 | 1 |
_aRU _bELAR _2rusmarc |
|
| 852 |
_aNLR _j69-3/453 |
||
| 942 | _cBOOK | ||
| 980 | _aNB | ||